1606 1370 1691 1559 1445 1765 1038 1516 1308 1337 1860 1733 1321 1466 1227 1438 1857 1826 1790 1870 1129 1795 1572 1420 1889 1588 1634 1630 1454 1835 1953 1514 1082 1356 1724 1105 1860 1022 1212 1312 1200 1849 1220 1789 1575 1356 1897 1337 1210 1850 1919 1789 1857 1210 1254 1169 1422 1288 1497 1317 1701 1599 1544 1575 1629 1690 1381 1327 1290 1306 1059 1999 1493 1124 1363 1061 1114 1661 1597 1414 1661 1775 1583 1279 1638 1417 1060 1179 1702 1542 1745 1129 1265 1518 1025 1088 1036 1730 1964 BCNSPRNW ULIB Ver.6.0+V

เปลี่ยนเป็นภาษาไทย

Change to English
 แสดงรายละเอียดบรรณานุกรม
  กลับหน้าหลัก

Brief Record : Get Marc (ISO 2709) : E-mail record : QR code < ปิดหน้าต่าง
LEADER : 00000nam 2200000uu 4500
001    13399127155
003     ULIB
008    191018s2562||||th 000 0 tha d
020 ^- ^a9786163471338
050 ^- ^aนว.^bป534ส
100 0^ ^aปัณฑารีย์.
245 10 ^aเสน่หาใกล้ใจ /^cปัณฑารีย์.
250 ^- ^aพิมพ์ครั้งที่ 1.
260 ^- ^aกรุงเทพฯ :^bห้างหุ้นส่วนจำกัด ไลด์ ออฟ เลิฟ บุ๊คส์,^c2562
300 ^- ^a272 หน้า.
945    ^p265^l0^i006342
999    ^aประนอม เกษจรัล
รายการนี้ยังไม่มีแท็ก
คุณยังไม่ได้ล็อกอิน คุณสามารถมีกิจกรรมร่วมกับเว็บไซต์ได้ แต่ต้องล็อกอินก่อน ::
  ล็อกอิน

รายการสื่อสารสนเทศ

ลำดับที่ ประเภท เลขเรียก/บาร์โค้ด สถานที่ สถานะ
1. นวนิยาย
นวนิยาย
นว. ป534ส ฉ.1 
  Barcode: 006342
ห้องสมุดวิทยาเขตนครสวรรค์
►นวนิยาย:l:Fiction
บนชั้น

รายการใกล้เคียง
    ผู้แต่ง [ปัณฑารีย์.]

BibComment


ยังไม่เคยถูกคอมเมนท์

คอมเมนท์ทรัพยากรรายการนี้
  คอมเมนท์: เสน่หาใกล้ใจ ปั..


 Copyright 2026. Bcnsprnw @Library